Statistics for Music Trivia: TV Theme Songs

Click here to take the quiz!

General Stats

  • This quiz has been taken 82 times
    (62 since last reset)
  • The average score is 7 of 15

Answer Stats

Theme SongTV Show% Correct
Where Everybody Knows Your NameCheers
93%
Tossed Salads and Scrambled EggsFrasier
84%
Ballad of Jed ClampettThe Beverly Hillbillies
79%
Rock Around the ClockHappy Days
74%
Suicide is PainlessM*A*S*H
74%
Good Ol' BoysThe Dukes of Hazzard
58%
Making Our Dreams Come TrueLaverne & Shirley
53%
C'mon Get HappyThe Partridge Family
51%
Those Were the DaysAll in the Family
49%
The Fishin' HoleThe Andy Griffith Show
39%
Sugar, SugarThe Archie Show
35%
Love is All AroundThe Mary Tyler Moore Show
26%
Yakety SaxThe Benny Hill Show
23%
Long Hard Times to ComeJustified
5%
Keep Your Fingers Crossedthe Dick Van Dyke Show
4%

Score Distribution

Percentile by Number Answered

Percent of People with Each Score

Your Score History

You have not taken this quiz since the last reset